| 000 | 00520nam a2200181 a 4500 | ||
|---|---|---|---|
| 005 | 20140412111314.0 | ||
| 008 | 001214s19uu xx 00 eng d | ||
| 020 | _a0-19-581308-1 | ||
| 050 |
_aER _bAl41 1990 |
||
| 100 | _aCaroll, Lewis | ||
| 245 |
_aAlice's adventures through the looking glass / _cLewis Carroll. |
||
| 260 |
_aOxoford : _bOxford University Press, _c1981. |
||
| 300 | _a68 p. | ||
| 440 | _aOxford Progressive English Readers Grade 2 | ||
| 650 | _aFolktales | ||
| 650 | _aReading | ||
| 999 |
_c104164 _d104164 |
||